| 000 | 00447nam a2200169Ia 4500 | ||
|---|---|---|---|
| 008 | 220531s9999 xx 000 0 und d | ||
| 041 | _amar | ||
| 100 |
_aनीरज _953402 |
||
| 245 | _aजागतिकीकीरण की नवी गुलामगिरी ? | ||
| 250 | _a1ST | ||
| 260 |
_bAlgar _c2002 |
||
| 300 | _a248 | ||
| 542 | _d04-04-2010 | ||
| 650 |
_aSociology _953403 |
||
| 906 | _d2010-2011 | ||
| 999 |
_c30923 _d30923 |
||